00370pam a2200145 a 4500020000500000040002500005041001300030100002200043245004600065250001100111260002300122300001400145653005200159700001300211 c aMedical College Libr aENGhENG aMackay, Judith . aThe Tabacco Atals / chTextual Documents a / b. a : bWHO , c2002. a1453 ; c aMedical ScienceaPreventive and Social Medicine aWHO, .